| 000 | 00892nam a2200217 i 4500 | ||
|---|---|---|---|
| 001 | 102911 | ||
| 003 | ES-MaACL | ||
| 005 | 20230906183219.0 | ||
| 007 | t| | ||
| 008 | 001115s1683 sp |||| | spa d | ||
| 100 | 1 |
_aFranco Clemente, Martin. _952252 |
|
| 245 | 1 | 0 |
_aOrdinaciones reales de la ciudad de Calatayud / _chechas por don Martin Franco Climente ... para la insaculacion general de la dicha ciudad, hecha en el año de 1683... |
| 260 |
_aEn Calatayud : _bpor Christobal Galvez, _c[1683?] |
||
| 300 |
_a[4], 50 p. ; _c28 cm. |
||
| 500 | _aPort. con orla tip. y esc. xilogr. de la ciudad. | ||
| 500 | _aAño tomado del título en port. | ||
| 530 | _aDisponible en formato digital. | ||
| 651 | 4 |
_aCalatayud- _xHistoria. _9156865 |
|
| 852 |
_aES-MaACL _jR-3405 |
||
| 856 |
_uhttps://bvpb.mcu.es/es/consulta/registro.do?id=577775 _zBiblioteca Virtual del Patrimonio Bibliográfico |
||
| 999 |
_c102911 _d102911 |
||